Wydarzenia, które odbyły się w Polsce – nagła śmierć - Statystyki

Ogólne statystyki
  • Ten quiz został rozwiązany 5 678 razy
  • Średni wynik to 5 z 17
Answers on the Grid
Answers color-coded by a green-red scale on the quiz's grid according to % correct below.
Wystawa światowa
Mistrzostwa Europy w piłce nożnej mężczyzn
Mistrzostwa świata w piłce nożnej mężczyzn
Konkurs Piosenki Eurowizji
Szczyt NATO
Mistrzostwa świata w szachach
Zimowe igrzyska olimpijskie
Letnie igrzyska olimpijskie
Mistrzostwa świata w piłce siatkowej mężczyzn
Turniej czterech skoczni
Formuła 1
Mistrzostwa świata w narciarstwie klasycznym
Finał Ligi Mistrzów UEFA
Finał Ligi Europy UEFA
Finał Ligi Konferencji UEFA
Finał drużynowych mistrzostw świata na żużlu
Miss World
Światowe Dni Młodzieży
Europejska Stolica Kultury
Międzynarodowy Kongres Astronautyczny
Międzynarodowy Kongres Matematyków
Parlament Religii Świata
Światowe Forum Społeczne
Mistrzostwa Europy U-21 w piłce nożnej mężczyzn
Mistrzostwa świata U-20 w piłce nożnej mężczyzn
Zgromadzenie Ogólne ONZ
Koncert Taylor Swift
Koncert Justina Biebera
Minecon
Mistrzostwa świata w scrabble anglojęzyczne
 
Statystyki odpowiedzi
Odpowiedź % Poprawnych
Ostatni raz w 2016 roku, w Krakowie. Światowe Dni Młodzieży
50%
Ostatni raz w 2024 roku w Warszawie. Koncert Taylor Swift
48%
W 2012, jako współgospodarz z Ukrainą. Mistrzostwa Europy w piłce nożnej mężczyzn
42%
Ostatni raz w 2022 wspólnie ze Słowenią, kolejny raz w Polsce MŚ odbędą się w 2027 roku. Mistrzostwa świata w piłce siatkowej mężczyzn
42%
Ostatni raz w 2021 roku w Gdańsku, między Villarealem, a Manchesterem United. Finał Ligi Europy UEFA
40%
Póki co jedyny finał odbył się w 2025 roku we Wrocławiu, między Chelsea, a Real Betis. Finał Ligi Konferencji UEFA
39%
Ostatni raz w 2023 r. we Wrocławiu, w 2025 odbędzie się w Toruniu, a w 2026 w Warszawie. Finał drużynowych mistrzostw świata na żużlu
36%
Wrocław w 2016 i Kraków w 2000 roku. W 2029 roku ESK będzie Lublin. Europejska Stolica Kultury
35%
W 2017 roku. Mistrzostwa Europy U-21 w piłce nożnej mężczyzn
31%
W 2016 w Warszawie. Szczyt NATO
28%
Ostatni raz w 2016 roku w Krakowie. Koncert Justina Biebera
25%
W 2019 roku. Mistrzostwa świata U-20 w piłce nożnej mężczyzn
25%
Ostatni raz w 1962 roku w Zakopanem. Mistrzostwa świata w narciarstwie klasycznym
14%
Jedyny raz w 1983 roku w Warszawie. Międzynarodowy Kongres Matematyków
13%
W 2006 roku w Warszawie, jako jedyny raz. Miss World
12%
W 2011 roku w Warszawie. Mistrzostwa świata w scrabble anglojęzyczne
8%
W 1964 w Warszawie, w 2027 odbędzie się w Poznaniu. Międzynarodowy Kongres Astronautyczny
6%
Nie znaleziono quizów pasujących do podanych kryteriów
Rozkład punktacji
Procent ludzi z każdym wynikiem
Percentyl według liczby udzielonych odpowiedzi
Twoja historia wyników
Nie rozwiązałeś tego quizu